Морава звезда кървава (Запис номер 342283)
[ съкратено ]
| 000 -Лидер | |
|---|---|
| Контролно поле с фиксирана дължина | 01243nam a2200325 c 4500 |
| 003 - Код на организацията, давaща контролен номер | |
| Контролно поле | BLK |
| 005 - Дата и час на последна редакция | |
| Контролно поле | 20200727113402.0 |
| 008 - Елементи от данни с фиксирана дължина | |
| fixed length control field | 180911b bul|||||r ||||||| ||bul|| |
| 010 ## - Наследен системен номер | |
| LC control number | 001922 |
| 040 ## - Източник на каталожния запис | |
| Идентификатор на билиотеката - собственик на записа | BLK |
| 041 ## - Код за език | |
| Код за езика на текст/звукозапис или на отделно заглавие | Български |
| Код за езика КДБФ | Български |
| 080 ## - УДК | |
| УДК - код + определител | 886.7-31 |
| 100 1# - Редна дума - Автор | |
| Автор | ПЕТКАНОВ, Константин |
| Авторска отговорност | първи автор |
| R(LIN) | 396984 |
| 245 00 - Сведения за заглавието | |
| Заглавие | Морава звезда кървава |
| Редно поле (дума) | Константин Петканов |
| 246 ## - Различни форми на заглавието | |
| Паралелно заглавие | Роман |
| Наименование на поредна част от произведението | епос-романи |
| 260 ## - Област на издателските данни | |
| Място на издаване, разпространение и проч. | София |
| Име на издателя, разпространителя и проч. | изд. авт. |
| Година на издаване | 1934 |
| Печатница | Художник |
| 300 ## - Физическа характеристика | |
| Страници | 216 с |
| Размери/Мащаб | 21 см |
| 380 ## - Жанр | |
| Жанр | Литературознание |
| 490 ## - СЕРИИ (Колекции) | |
| Име на серия | Частна колекция - Академик Михаил Арнаудов |
| Бележки за серията | Дарение - Основен фонд |
| 500 ## - Общи забележки | |
| Забележка | Кн. е четвъртият роман от серията Жътва. Хроника на селото от същия автор. - Автограф с текст: На г. проф. М. Арнаудов С почит : 25. ХII К. Н. Петканов |
| 650 ## - Допълнително описание по предмет – тема | |
| Основно описание – тема или топоним | Проза |
| 9 (RLIN) | 167961 |
| 650 ## - Допълнително описание по предмет – тема | |
| Основно описание – тема или топоним | Романи |
| 9 (RLIN) | 396566 |
| 653 ## - Ключова дума – ненормативна | |
| Ключова дума | епос |
| 653 ## - Ключова дума – ненормативна | |
| Ключова дума | романи |
| 655 ## - Ключова дума – жанр/разновидност | |
| Данни за жанр/разновидност или ключова дума за фокус | българска литература |
| 762 ## - Описание на подсерията (дигитална колекция) | |
| 9 (RLIN) | 409507 |
| Номер на изображение | 1 |
| Описание на изображение | Текст: На г. проф. М. Арнаудов С почит : 25.ХII К. Н. Петканов |
| Название на изображение | Автограф от Константин Петканов |
| Име на дигиталната колекция | Послания на времето |
| Резюме на колекция | Акад. Михаил Арнаудов - послания и дарствени слова |
| Описание на колекция | Академик Михаил Арнаудов е личност със значимо присъствие в българската култура и принос в областта на науката, литературата, фолклора, историята на българското Възраждане, социологията, философията и народопсихологията. Цялото документално и библиотечно наследство на родения в Русе виден учен е национално богатство от изключително значение. Единствено Регионална библиотека „Любен Каравелов“ – Русе притежава колекция от над 1500 книги от личната библиотека на Михаил Арнаудов с автографи, послания и дарствени надписи от български и чужди знакови личности. Зад всеки автограф се крие историята на взаимоотношенията между Академика и неговите съвременници. Тези автографи са неизвестни и неизследвани страници от българското културно наследство. |
| 763 1# - Описание на подсерията (дигитални колекции - автор) | |
| Връзки | 108756 |
| Автор към изображението | Петканов, Константин |
| Дати, свързани с автора | 12.12.1891 – 12.02.1952 |
| Друга информация | Константин Петканов е български писател и публицист. През 30-те години на ХХ век сътрудничи на списанията „Златорог“, „Завет“, както и на „Философски преглед“, редактиран от Димитър Михалчев. Трайни следи оставя запознанството и приятелството му с Илия Бешков. Библиотекар на Българо-югославското дружество (1933 – 1934) и член на масонска ложа. За пръв път печата през 1920 г. в бургаския в. „Странджа“. Творчеството на Константин Петканов е огромно по обем – романи, повести, драми, произведения за деца, есета, политически и народоведски статии, спомени и рецензии. Първата му книга „Самодива“ – поема в проза, излиза през 1923 г. Изключително продуктивен е през 30-те години на ХХ век – издава 12 романа, 3 повести и много исторически разкази. През 1945 г. Константин Петканов става академик на Българската академия на науките. Член на Съюза на българските писатели. |
| Номера от таг 762 подп. 9 | 409507 |
| Номер на изображение | 1 |
| Пълно име на автора | Константин Петканов |
| 852 ## - Местоположение | |
| Форматна сигнатура | МА 409 |
| Фондова буква | Фонд "Михаил Арнаудов" |
| 999 ## - СИСТЕМНИ КОНТРОЛНИ НОМЕРА | |
| Koha biblionumber | 342283 |
| Koha biblioitemnumber | 342283 |
| 942 ## - АРТИКУЛИ | |
| Вид на библиотечния материал | Книги |
| Скрит в OPAC | Не |
| Периодичен библиозапис | Да |
| 944 ## - СЪЗДАВАНЕ И РЕДАКЦИЯ на ЗАПИСА | |
| Създаване/Редакция | Създаване |
| Дата на регистрацията/редакция | 1995 |
| Служител, извършил регистрацията/редакцията | ValK |
| 999 ## - СИСТЕМНИ КОНТРОЛНИ НОМЕРА | |
| Koha biblioitemnumber | 342283 |
| 999 ## - СИСТЕМНИ КОНТРОЛНИ НОМЕРА | |
| Koha biblioitemnumber | 342283 |
| 999 ## - СИСТЕМНИ КОНТРОЛНИ НОМЕРА | |
| Koha biblioitemnumber | 342283 |
| 999 ## - СИСТЕМНИ КОНТРОЛНИ НОМЕРА | |
| Koha biblioitemnumber | 342283 |
| 999 ## - СИСТЕМНИ КОНТРОЛНИ НОМЕРА | |
| Koha biblioitemnumber | 342283 |
| 999 ## - СИСТЕМНИ КОНТРОЛНИ НОМЕРА | |
| Koha biblioitemnumber | 342283 |
| 999 ## - СИСТЕМНИ КОНТРОЛНИ НОМЕРА | |
| Koha biblioitemnumber | 342283 |
| 999 ## - СИСТЕМНИ КОНТРОЛНИ НОМЕРА | |
| Koha biblioitemnumber | 342283 |
| Код за отписване | Код за изгубен артикул | Източник на класификационната схема | Код за повреда | Коз за рестрикции | Код за отдаване | Артикулен № | Име на библиотеката - собственик | Име на библиотеката, в която се намира в момента | Статус (Текущо местоположение) | Местоположение - отдел | Цена в лева | Номерация (Хронология) | Инвентарен номер | Систематично азбучна сигнатура | Баркод | Номер на екземпляра | Цена в евро | Служебен тип на артикула |
|---|---|---|---|---|---|---|---|---|---|---|---|---|---|---|---|---|---|---|
| Не е изгубен | Universal Decimal Classification | Не е повреден | само за читалня | Специални фондове ( старопечатни, редки и ценни, фонд М. Арнаудов) | 742343 | Регионална библиотека "Любен Каравелов" Русе | Регионална библиотека "Любен Каравелов" Русе | Фонд "Михаил Арнаудов" | Фонд "Михаил Арнаудов" | 6.00 | Автограф: Константин Петканов | 587359 | МА 409 | 120000587359 | 1 | 3.07 | Книги |